书目信息 |
| 题名: |
爱弥儿
|
|
| 作者: | 卢梭 著 ;成墨初 , 蒙谨 编译 | |
| 分册: | ||
| 出版信息: | 武汉 武汉大学出版社 2020.05 |
|
| 页数: | 211页 | |
| 开本: | 24cm | |
| 丛书名: | ||
| 单 册: | ||
| 中图分类: | G40-095.65 | |
| 科图分类: | ||
| 主题词: | 教育思想--jiao yu si xiang--法国--近代 | |
| 电子资源: | ||
| ISBN: | 978-7-307-12676-3 | |
| 000 | 01353nam0 2200277 450 | |
| 001 | 0104125639 | |
| 005 | 20201104125713.0 | |
| 010 | @a978-7-307-12676-3@dCNY45.80 | |
| 100 | @a20181129d2020 em y0chiy50 ea | |
| 101 | 1 | @achi@cfre |
| 102 | @aCN@b420000 | |
| 105 | @ay z 000yy | |
| 106 | @ar | |
| 200 | 1 | @a爱弥儿@Aai mi er@dEmile ou de l'education@f(法)卢梭著@g成墨初,李彦芳编译@zfre |
| 210 | @a武汉@c武汉大学出版社@d2020.05 | |
| 215 | @a211页@d24cm | |
| 300 | @a精典教育 | |
| 330 | @a本书共分为5卷,每一卷的儿童年龄都各不相同,并根据儿童的年龄总结出了相应的教育原则和内容。第一卷,卢梭以小于两岁的婴儿为教育对象,告诉父母怎么进行恰当的体育教育;第二卷,卢梭以2-12岁的儿童为教育对象,建议父母重点对儿童进行感官教育;第三卷,卢梭以12-15岁的青少年为教育对象,可以进行相应的智育教育;第四卷,卢梭以15-20岁的青年为教育对象,此年龄段的孩子开始逐渐接触社会,德育教育是最为关键的教育;第五卷,卢梭重点论述对女孩的教育,他以10岁为分界点,分别论述10岁前和10岁后的女孩应该如何教育。 | |
| 510 | 1 | @aEmile ou de l'education@zfre |
| 606 | 0 | @a教育思想@Ajiao yu si xiang@y法国@z近代 |
| 690 | @aG40-095.65@v5 | |
| 701 | 0 | @c(法)@a卢梭@Alu suo@4著@c(Rousseau, Jean-Jacques@f1712~1778) |
| 702 | 0 | @a成墨初@Acheng mo chu@4编译@f(1979?~) |
| 702 | 0 | @a蒙谨@Ameng jin@4编译 |
| 801 | 0 | @aCN@bBJSZM@c20201104 |
| 905 | @b1261558-61@dG40-095.65@e1084@f4 | |
| 爱弥儿=Emile ou de l'education/(法)卢梭著/成墨初,李彦芳编译.-武汉:武汉大学出版社,2020.05 |
| 211页;24cm |
| 精典教育 |
| ISBN 978-7-307-12676-3:CNY45.80 |
| 本书共分为5卷,每一卷的儿童年龄都各不相同,并根据儿童的年龄总结出了相应的教育原则和内容。第一卷,卢梭以小于两岁的婴儿为教育对象,告诉父母怎么进行恰当的体育教育;第二卷,卢梭以2-12岁的儿童为教育对象,建议父母重点对儿童进行感官教育;第三卷,卢梭以12-15岁的青少年为教育对象,可以进行相应的智育教育;第四卷,卢梭以15-20岁的青年为教育对象,此年龄段的孩子开始逐渐接触社会,德育教育是最为关键的教育;第五卷,卢梭重点论述对女孩的教育,他以10岁为分界点,分别论述10岁前和10岁后的女孩应该如何教育。 |
| ● |
| 相关链接 |
|
|
|
|
正题名:爱弥儿
索取号:G40-095.65/1084
 
预约/预借
| 序号 | 登录号 | 条形码 | 馆藏地/架位号 | 状态 | 备注 |
| 1 | 1261558 | 212615589 | 教育系资料室/ [索取号:G40-095.65/1084] | 在馆 | |
| 2 | 1261559 | 212615598 | 教育系资料室/ [索取号:G40-095.65/1084] | 在馆 | |
| 3 | 1261560 | 212615605 | 教育系资料室/ [索取号:G40-095.65/1084] | 在馆 | |
| 4 | 1261561 | 212615614 | 第四借阅区/ [索取号:G40-095.65/1084] | 在馆 | |
| 5 | 1292848 | 212928484 | 第一样本阅览室/ [索取号:G40-095.65/1084] | 在馆 | |
| 6 | 1292849 | 212928493 | 第四借阅区/ [索取号:G40-095.65/1084] | 在馆 | |
| 7 | 1292850 | 212928509 | 第四借阅区/ [索取号:G40-095.65/1084] | 在馆 | |
| 8 | 1292851 | 212928518 | 第四借阅区/ [索取号:G40-095.65/1084] | 在馆 |